| 000 | 00653nam a2200241 i 4500 | ||
|---|---|---|---|
| 001 | 19286 | ||
| 003 | ES-MaACL | ||
| 005 | 20230906152048.0 | ||
| 007 | t| | ||
| 008 | 020709s1996 sp ||||1| spa d | ||
| 020 | _a84-7720-494-2 | ||
| 080 | _a159.962 | ||
| 100 | 1 |
_aLópez Benedí, Juan Antonio. _973453 |
|
| 245 | 1 | 0 |
_aHipnosis-sofrología / _cJuan Antonio López Benedí. |
| 250 | _a1ª ed. | ||
| 260 |
_aBarcelona : _bObelisco, _c1996. |
||
| 300 |
_a249 p. ; _c22 cm. |
||
| 490 | 1 | _aArcanos mayores | |
| 650 | 1 | 4 |
_aHipnosis. _913363 |
| 830 | 0 |
_aArcanos mayores _9184186 |
|
| 852 |
_aES-MaACL _jL-27357 _bR.131178 |
||
| 999 |
_c19286 _d19286 |
||